Paris-Roubaix Winners - Statistics

General Stats
  • This quiz has been taken 444 times
    354 since last reset
  • The average score is 27 of 51
Answer Stats
Year Nationality Name % Correct
2005 Belgium Tom Boonen
95%
2008 Belgium Tom Boonen
95%
2009 Belgium Tom Boonen
95%
2012 Belgium Tom Boonen
95%
2006 Switzerland Fabian Cancellara
92%
2010 Switzerland Fabian Cancellara
92%
2013 Switzerland Fabian Cancellara
92%
1968 Belgium Eddy Merckx
90%
1970 Belgium Eddy Merckx
90%
1973 Belgium Eddy Merckx
90%
1981 France Bernard Hinault
77%
2015 Germany John Degenkolb
74%
2014 Netherlands Niki Terpstra
71%
1996 Belgium Johan Museeuw
66%
2000 Belgium Johan Museeuw
66%
2002 Belgium Johan Museeuw
66%
1984 Ireland Sean Kelly
63%
1986 Ireland Sean Kelly
63%
2007 Australia Stuart O'Grady
59%
2011 Belgium Johan Vansummeren
57%
1972 Belgium Roger De Vlaeminck
56%
1974 Belgium Roger De Vlaeminck
56%
1975 Belgium Roger De Vlaeminck
56%
1977 Belgium Roger De Vlaeminck
56%
2003 Belgium Peter Van Petegem
51%
1978 Italy Francesco Moser
49%
1979 Italy Francesco Moser
49%
1980 Italy Francesco Moser
49%
2004 Sweden Magnus Backstedt
48%
1999 Italy Andrea Tafi
42%
2001 Netherlands Servais Knaven
42%
1965 Belgium Rik Van Looy
38%
1966 Italy Felice Gimondi
36%
1992 France Gilbert Duclos-Lassalle
36%
1993 France Gilbert Duclos-Lassalle
36%
1982 Netherlands Jan Raas
36%
1967 Netherlands Jan Janssen
35%
1994 Russia Andreï Tchmil
34%
1997 France Frédéric Guesdon
34%
1995 Italy Franco Ballerini
33%
1998 Italy Franco Ballerini
33%
1990 Belgium Eddy Planckaert
32%
1985 France Marc Madiot
32%
1991 France Marc Madiot
32%
1983 Netherlands Hennie Kuiper
28%
1987 Belgium Eric Vanderaerden
22%
1969 Belgium Walter Godefroot
20%
1988 Belgium Dirk Demol
13%
1976 Belgium Marc De Meyer
13%
1989 Belgium Jean-Marie Wampers
11%
1971 Belgium Roger Rosiers
6%
No matching quizzes found
Score Distribution
Percent of People with Each Score
Percentile by Number Answered
Your Score History
You have not taken this quiz since the last reset